Nowe polskie miasta od 2026 r. - Statystyki

Ogólne statystyki
  • Ten quiz został rozwiązany 18 razy
  • Średni wynik to 3 z 6
Statystyki odpowiedzi
Liczba ludności Powiat Województwo Odpowiedź % Poprawnych
1000 częstochowski śląskie Janów
82%
2659 bialski lubelskie Janów Podlaski
64%
1996 głubczycki opolskie Branice
55%
4918 ostrowski mazowieckie Małkinia Górna
55%
1770 miński mazowieckie Stanisławów
55%
2154 płocki mazowieckie Staroźreby
27%
Nie znaleziono quizów pasujących do podanych kryteriów
Rozkład punktacji
Procent ludzi z każdym wynikiem
Percentyl według liczby udzielonych odpowiedzi
Twoja historia wyników
Nie rozwiązałeś tego quizu